Energetická certifikácia budov a ich projektové hodnotenie

Gespeichert in:
Bibliographische Detailangaben
1. Verfasser: Zárecký, Jakub (Verfasst von)
Weitere Verfasser: Raditschová, Jana (Betreuung Doktorarbeit)
Format: Manuskript Buch
Sprache:Slowakisch
Veröffentlicht: 2019
Schlagworte:
Online-Zugang:http://is.stuba.sk/zp/portal_zp.pl?podrobnosti=135981
Tags: Tag hinzufügen
Keine Tags, Fügen Sie das erste Tag hinzu!

MARC

LEADER 00000ntm a22000003a 4500
001 stuzp70597
003 SK-STU
005 20190723100231.3
007 ta
008 150427s2015----xo-----f-mn---000-0-slo-d
040 |a STU  |b slo 
041 0 |a slo 
044 |a xo 
100 1 |a Zárecký, Jakub  |u 032000  |4 aut  |U FEI Fakulta elektrotechniky a informatiky  |T FEI Ústav elektroenergetiky a aplikovanej elektrotechniky  |X 86955  |U E020  |Y 548  |7 86955 
242 0 1 |a Energy certification of buildings and their project-stage rating  |y eng 
245 1 0 |a Energetická certifikácia budov a ich projektové hodnotenie 
260 |c 2019 
300 |a 70 s. 
650 4 |a energetická certifikácia  |2 slo 
650 4 |a denné svetlo  |2 slo 
650 4 |a projektové hodnotenie  |2 slo 
650 4 |a project-stage rating  |2 eng 
650 4 |a daylight  |2 eng 
650 4 |a energy certification  |2 eng 
700 1 |a Raditschová, Jana  |u 032000  |k Z8  |4 ths  |U FEI Fakulta elektrotechniky a informatiky  |T FEI Ústav elektroenergetiky a aplikovanej elektrotechniky  |X 46335  |U E020  |Y 548  |7 A000046335 
856 4 |u http://is.stuba.sk/zp/portal_zp.pl?podrobnosti=135981 
996 |b 284ER02944  |c E*Bc- 2944  |l EE32  |s P  |a 0  |w stuzp70597_0001